Spoločná zahraničná a bezpečnostná politika Európskej únie diplomová práca

Saved in:
Bibliographic Details
Main Author: Takácsová, Monika
Corporate Author: Ekonomická univerzita v Bratislave. Fakulta medzinárodných vzťahov
Other Authors: Hurná, Lucia, 1978-
Format: Book
Language:Slovak
Published: Bratislava 2010
Tags: Add Tag
No Tags, Be the first to tag this record!

MARC

LEADER 00000nam a2200000 4500
001 0121868
005 20240318123445.0
041 0 |a slo 
044 |a SK 
245 1 0 |a Spoločná zahraničná a bezpečnostná politika Európskej únie  |b diplomová práca  |c Monika Takácsová ; škol. Lucia Hurná 
264 1 |a Bratislava  |c 2010 
300 |a 68 s. 
100 1 |a Takácsová, Monika 
700 1 |a Hurná, Lucia, 1978- 
710 2 |a Ekonomická univerzita v Bratislave. Fakulta medzinárodných vzťahov